000 00446cam a22001337a 4500
008 180718b2011 xxu||||| |||| 00| 0 eng d
082 _aA81x54 011/28/Pap 1 /2011
100 _aCensus of India 2011
245 _aMaharashtra: provisional population totals
260 _aMumbai
_bDirectorate of Census Operations
_c2011
300 _a90p.
440 _aCensus of India 2011. Series-28, Maharashtra. Paper 1 of 2011
650 _aMaharashtra - Census
999 _c490040
_d490040